LEADER 01143nam0-22003731i-450- 001 990006857950403321 005 20100728125142.0 010 $a88-14-06468-7 035 $a000685795 035 $aFED01000685795 035 $a(Aleph)000685795FED01 035 $a000685795 100 $a20010426d--------km-y0itay50------ba 101 0 $aita 102 $aIT 105 $ay-------001yy 200 1 $aStudi e testi di storia giuridica medievale$fGuido Rossi$ga cura di Giovanni Gualandi e Nicoletta Sarti. 210 $aMilano$cA. Giuffrè$d1997. 215 $aXII, 868 p.$d24 cm 225 1 $aSeminario giuridico della Università di Bologna$v175 610 0 $aDiritto - Italia - Sec. 13-15 676 $a349.4509 700 1$aRossi,$bGuido$f<1916-1986>$0240796 702 1$aGualandi,$bGiovanni 702 1$aSarti,$bNicoletta 801 0$aIT$bUNINA$gRICA$2UNIMARC 901 $aBK 912 $a990006857950403321 952 $aUNIV. 8 (175)$b31686$fFSPBC 952 $aUNIVERSITÀ 29 (175)$b38146*$fFGBC 959 $aFSPBC 959 $aFGBC 996 $aStudi e testi di storia giuridica medievale$9624543 997 $aUNINA LEADER 00872cam0-2200313---450- 001 990004197700403321 005 20161018113847.0 010 $a0-415-14425-6 035 $a000419770 035 $aFED01000419770 035 $a(Aleph)000419770FED01 035 $a000419770 100 $a19990604d1996----km-y0itay50------ba 101 0 $aeng 102 $aGB 105 $a--------001yy 200 1 $aVictorian poetry$epoetry, poetics and politics$fIsobel Armstrong 210 $aLondon and New York$cRoutledge$d1996 215 $aXI, 545 p.$d24 cm 610 0 $aPoesia inglese$aSec. 19 676 $a821.809$v22$zita 700 1$aArmstrong,$bIsobel$0164623 801 0$aIT$bUNINA$gRICA$2UNIMARC 901 $aBK 912 $a990004197700403321 952 $a821.809 ARM 1$bBibl.26618$fFLFBC 959 $aFLFBC 996 $aVictorian poetry$9181854 997 $aUNINA LEADER 02105oam 2200649zu 450 001 9911006801603321 005 20210818185913.0 010 $a1-68015-998-4 010 $a9780881734691 010 $a0-88173-469-1 035 $a(CKB)1000000000455885 035 $a(SSID)ssj0000112512 035 $a(PQKBManifestationID)12027484 035 $a(PQKBTitleCode)TC0000112512 035 $a(PQKBWorkID)10087784 035 $a(PQKB)11406665 035 $a(EXLCZ)991000000000455885 100 $a20160829d2005 uy 101 0 $aeng 181 $ctxt 182 $cc 183 $acr 200 10$aBioterrorism : a guide for facility managers 210 31$a[Place of publication not identified]$cFairmont Press$d2005 300 $aBibliographic Level Mode of Issuance: Monograph 311 $a0-88173-468-3 606 $aBuildings$xSecurity measures 606 $aSecurity systems$xEnvironmental engineering 606 $aBuildings$xPrevention 606 $aBioterrorism 606 $aBioterrorism$xprevention & control 606 $aDisaster Planning$xmethods 606 $aFacility Regulation and Control$xstandards 606 $aRisk Assessment 606 $aSecurity Measures 606 $aCivil & Environmental Engineering$2HILCC 606 $aEngineering & Applied Sciences$2HILCC 606 $aCivil Engineering$2HILCC 615 0$aBuildings$xSecurity measures. 615 0$aSecurity systems$xEnvironmental engineering. 615 0$aBuildings$xPrevention. 615 0$aBioterrorism. 615 12$aBioterrorism$xprevention & control. 615 22$aDisaster Planning$xmethods. 615 22$aFacility Regulation and Control$xstandards. 615 22$aRisk Assessment. 615 22$aSecurity Measures. 615 7$aCivil & Environmental Engineering 615 7$aEngineering & Applied Sciences 615 7$aCivil Engineering 676 $a658.4/77 700 $aGustin$b Joseph F$01822080 801 0$bPQKB 906 $aBOOK 912 $a9911006801603321 996 $aBioterrorism : a guide for facility managers$94391147 997 $aUNINA